01864nam a2200217 a 450000500170000000800410001702000180005804100080007610000220008424500900010625000360019626000320023230000220026450000740028650511250036065300170148565300330150265300410153565300310157665300390160720241104091224.0100623e2013||||ag g |||| 001 0dspa d a9789871421664 aspa1 aSartelli, Eduardo3 aLa cajita infeliz.bUn viaje marxista a través del capitalismo / cEduardo Sartelli a4a ed.bPrólogo Ernesto Bayer aBuenos Aires: bRyR;c2013. a751 p.c21x15 cm. aSartelli, E. (2013). La cajita infeliz. (3a ed.). Buenos Aires : RyR. aEl libro comienza con la historia de este mundo capitalista y la califica como "una novela de vampiros" y no se equivoca. Todos hemos tenido hace poco un verdadero vampiro que hablaba medio así como riojano...Leo una frase: "En las sombras, ocultándose, existe el poder que mantiene con vida a este sistema". Y tiene razón. Señala que intentar comprenderlo es un viaje a lo más oscuro de la sociedad, y es cierto. Es la descripción de este sistema que nos domina con desocupados, con niños con hambre. Hambre en este país maravilloso con las espigas de oro, como decía Rubén Darío. "Nos acercamos al mundo en perpetua conmoción del capitalismo, de las turbulencias permanentes, donde todo se desvanece en el aire, la acumulación y las crisis", escribe Sartelli en el capítulo en que el viaje que nos proponemos toda fondo. Buena definición. Irrebatible. La cajita se propone terminar con los mitos de todos los días. "Por detrás de las leyes, de la estructura jurídica de la realidad, se extiende la estructura del poder verdadero, del poder económico y militar, del poder mafioso".4 aLos diez mil7 aPor un socialismo libertario aAnarquistas, hamburguesas y vampiros aHacia abajo: la economía aHacia arriba: las superestructuras